Clicktional Destinations Quiz Stats

Quiz Updated Aug 14, 2012

Also try: Fictional Emails
Challenge
Share
Tweet
Embed
Score 0/30 Timer 08:00
3 Plays Today
% Correct
Sesame Street
95.9%
Bedrock
92.8%
Wonka's Chocolate Factory
92.5%
Narnia
90.4%
Wonderland
90.3%
Gotham City
89.6%
Oz
85%
Springfield
83.9%
Bikini Bottom
82.3%
Cheers
81.1%
Bates Motel
78.7%
Neverland
78.7%
Whoville
75.4%
Bayside High School
74.2%
Hogwarts
72.1%
% Correct
Quahog
64.3%
Sacred Heart Hospital
62.2%
The Mushroom Kingdom
58.2%
District 12, Panem
56.5%
The Shire
52.4%
The Island
48.9%
New New York
47.6%
X-Mansion
43.1%
Storybrooke
39.5%
Halloween Town
39.4%
Pandora
37.8%
Avenue Q
33.7%
Pallet Town
31.7%
The Woods
31.2%
Buy More
28.6%

You're not logged in!

Compare scores with friends on all Sporcle quizzes.
Join for Free
OR
Log In

You Might Also Like...

Show Comments

Extras

Top Quizzes Today


Score Distribution

Your Account Isn't Verified!

In order to create a playlist on Sporcle, you need to verify the email address you used during registration. Go to your Sporcle Settings to finish the process.

Report this User

Report this user for behavior that violates our Community Guidelines.

Details: